PFI and PF2 (Record no. 84994)

MARC details
000 -LEADER
fixed length control field 01008cab a22002535a 4500
001 - CONTROL NUMBER
control field L159817
008 - FIXED-LENGTH DATA ELEMENTS--GENERAL INFORMATION
fixed length control field 180220e2018 xxk 000 0 eng d
022 ## - INTERNATIONAL STANDARD SERIAL NUMBER
International Standard Serial Number 9781786041760
035 ## - SYSTEM CONTROL NUMBER
System control number (Sirsi) u159817
041 0# - LANGUAGE CODE
Language code of text/sound track or separate title eng
110 2# - MAIN ENTRY--CORPORATE NAME
Corporate name or jurisdiction name as entry element National Audit Office
9 (RLIN) 4918
245 00 - TITLE STATEMENT
Title PFI and PF2
Medium [electronic resource]
260 ## - PUBLICATION, DISTRIBUTION, ETC.
Place of publication, distribution, etc. London
Name of publisher, distributor, etc. NOA
Date of publication, distribution, etc. 2018
520 ## - SUMMARY, ETC.
Summary, etc. Looks at the rationale, costs andbenefits of the Private Finance Initiative (PFI); the use and impact of PFI, and ability to make savings from operationalcontracts; and introduces PF2. Compares the differences between PFI and PF2. Report produced prior to collapse of Carillion (L159816).
590 ## - LOCAL NOTE (RLIN)
Local note NTK
650 24 - SUBJECT ADDED ENTRY--TOPICAL TERM
Topical term or geographic name entry element PRIVATE FINANCE INITIATIVE
650 24 - SUBJECT ADDED ENTRY--TOPICAL TERM
Topical term or geographic name entry element PFI
650 24 - SUBJECT ADDED ENTRY--TOPICAL TERM
Topical term or geographic name entry element PF2
651 #4 - SUBJECT ADDED ENTRY--GEOGRAPHIC NAME
Geographic name England and Wales
Chronological subdivision 1543-
690 ## - LOCAL SUBJECT ADDED ENTRY--TOPICAL TERM (OCLC, RLIN)
Topical term or geographic name as entry element Procurement
9 (RLIN) 6260
690 ## - LOCAL SUBJECT ADDED ENTRY--TOPICAL TERM (OCLC, RLIN)
Topical term or geographic name as entry element Facilities management
9 (RLIN) 6240
856 40 - ELECTRONIC LOCATION AND ACCESS
Uniform Resource Identifier <a href="https://www.nao.org.uk/report/pfi-and-pf2/">https://www.nao.org.uk/report/pfi-and-pf2/</a>
Public note View the item free of charge from the www.nao.org.uk/website.
942 ## - ADDED ENTRY ELEMENTS (KOHA)
Suppress in OPAC 0
Holdings
Withdrawn status Lost status Source of classification or shelving scheme Damaged status Not for loan Home library Current library Shelving location Date acquired Total Checkouts Full call number Barcode Date last seen Copy number Price effective from Koha item type
    Dewey Decimal Classification     Virtual Virtual Online 20/02/2018   ONLINE PUBLICATOIN 159817-2001 06/08/2019 1 06/08/2019 Book